| 000 | 00636nam a22001937i 4500 | ||
|---|---|---|---|
| 999 |
_c23245 _d23245 |
||
| 003 | AR-CdUCM | ||
| 008 | 250404b20182018 pe||||| |||| 00| 0 spa d | ||
| 020 | _a978-84-9196-028-7 | ||
| 040 |
_aMUNICIPALIDAD PROVINCIAL DEL CUSCO _cBIBLIOTECA MUNICIPAL DEL CUSCO |
||
| 041 | _hspa | ||
| 082 |
_aPI / 372.21 / I24 _bI24 |
||
| 100 |
_aAnónimo _917814 |
||
| 245 |
_aMis primeras palabras pequeñines : _bUna manera divertida de aprender palabras / |
||
| 260 |
_aLima : _bEdibook Ltd. _c2018 |
||
| 300 |
_a12 páginas. : _bIlustraciones, _c20x20 cm. |
||
| 650 |
_aPrimera infancia _924660 |
||
| 942 |
_2ddc _cLIBROS |
||
| 945 |
_apbjr _d04-04-2025 |
||